000 005680000a22001810004500
003 MACL
005 20160610144722.0
008 160610b xxu||||| |||| 00| 0 eng d
040 _aMACL
_cmacl
041 _aHindi
082 _a891.433
100 _aसिंह, खुशवंत
_955009
245 _aप्रतिनिधि कहानियाॅ
_cखुशवंत सिंह
260 _bराजकमल प्रकाशन
_c1998
_aनई दिल्‍ली
350 _a75
650 _aStories
_963882
942 _cHIN
_k891.433
_2ddc
999 _c30354
_d30354